[Event "13_Ascona_Chess_Open_2018"]
[Site "Hotel Ascona****, Via Signor i"]
[Date "2018.04.08"]
[Round "5.3"]
[White "Paterson, Andrew I"]
[Black "Luciani, Valerio"]
[Result "0-1"]
[WhiteElo "2017"]
[BlackElo "2261"]
[PlyCount "66"]
[EventDate "2018.04.06"]

1. c4 e6 2. Nf3 Nf6 3. g3 d5 4. Bg2 Be7 5. O-O O-O 6. d4 c5 7. cxd5 exd5 8. Nc3
Nc6 9. Bg5 c4 10. Ne5 Be6 11. Nxc6 bxc6 12. e4 Nxe4 13. Bxe7 Nxc3 14. Bxd8 Nxd1
15. Be7 Nxb2 16. Bxf8 Kxf8 17. Rfc1 Bf5 18. Rc3 Bd3 19. Ra3 a5 20. Re1 a4 21.
f4 f5 22. Kf2 Rb8 23. Bf3 Be4 24. Bxe4 fxe4 25. Ke3 Nd3 26. Re2 Rb4 27. g4 Ke7
28. h3 Kd6 29. f5 c5 30. h4 c3 31. dxc5+ Ke5 32. Rc2 d4+ 33. Ke2 Rb2 0-1

[Event "13_Ascona_Chess_Open_2018"]
[Site "Hotel Ascona****, Via Signor i"]
[Date "2018.04.08"]
[Round "5.4"]
[White "Salzgeber, Frank"]
[Black "Mata, Adilson"]
[Result "1-0"]
[WhiteElo "2217"]
[BlackElo "2032"]
[PlyCount "149"]
[EventDate "2018.04.06"]

1. d4 d5 2. c4 e6 3. Nc3 Nf6 4. cxd5 exd5 5. Bg5 c6 6. Qc2 h6 7. Bh4 Bb4 8. e3
g5 9. Bg3 Ne4 10. Bd3 Nxg3 11. hxg3 Bg4 12. a3 Bf8 13. Bf5 Bxf5 14. Qxf5 Nd7
15. Nf3 Bg7 16. g4 Qf6 17. Qxf6 Nxf6 18. Ne5 Ne4 19. Nxe4 dxe4 20. Nc4 O-O-O
21. b4 Rd5 22. Rc1 Kb8 23. Ke2 Re8 24. Rc2 Re6 25. Rb2 Bf8 26. a4 f5 27. gxf5
Rxf5 28. g4 Rd5 29. Ne5 Bg7 30. Nc4 Bf8 31. Nd2 Bd6 32. Rbb1 Bf8 33. Rb3 b6 34.
Rc1 Kb7 35. Nb1 Rd7 36. Nc3 Rf7 37. Rd1 Rd7 38. Rb2 Be7 39. b5 cxb5 40. axb5
Ba3 41. Rb3 Bf8 42. Rc1 Rc7 43. Kd2 Rf7 44. Ke2 Rc7 45. Kd1 Rf7 46. Rc2 Be7 47.
Ne2 Bd6 48. Ke1 Rc7 49. Rxc7+ Bxc7 50. Nc3 a6 51. bxa6+ Kxa6 52. d5 Re5 53.
Ra3+ Kb7 54. Ra4 Bd6 55. Rxe4 Rxe4 56. Nxe4 Bb4+ 57. Kd1 Kc7 58. Kc2 Bf8 59.
Kb3 b5 60. Kc3 Kb6 61. f4 Bg7+ 62. Kd3 gxf4 63. exf4 Bf8 64. f5 Kc7 65. Kc3 Kd7
66. Kd4 Ba3 67. Kd3 Bf8 68. Kc3 Kc7 69. Kd4 Ba3 70. Ke5 Kd7 71. d6 Bb2+ 72. Kd5
b4 73. Nc5+ Kc8 74. Ke6 Bc3 75. f6 1-0

[Event "13_Ascona_Chess_Open_2018"]
[Site "Hotel Ascona****, Via Signor i"]
[Date "2018.04.08"]
[Round "5.5"]
[White "Syed, Amir"]
[Black "Neumann, Horst"]
[Result "0-1"]
[WhiteElo "1775"]
[BlackElo "1817"]
[PlyCount "140"]
[EventDate "2018.04.06"]

1. d4 d5 2. c4 c6 3. Nc3 Nf6 4. Nf3 g6 5. cxd5 cxd5 6. g3 Nc6 7. Bg2 Bg7 8. Bf4
Nh5 9. Be3 O-O 10. a3 Nf6 11. b4 a6 12. h3 Bd7 13. Qb3 e6 14. Rd1 Re8 15. O-O
Re7 16. Qb2 Rc8 17. Qd2 Na7 18. Bg5 Nb5 19. Nb1 Ne4 20. Bxe7 Nxd2 21. Bxd8
Nxf3+ 22. Bxf3 Rxd8 23. e3 Nd6 24. Rc1 Nc4 25. Be2 b5 26. Rfd1 f5 27. Rd3 Kf7
28. Nd2 Bf8 29. Nf3 Bd6 30. Rdc3 Kf6 31. Kg2 h6 32. Bxc4 dxc4 33. Nd2 Bc6+ 34.
f3 Bb8 35. R1c2 e5 36. Nb3 Bd6 37. Na5 Ba8 38. Rd2 e4 39. f4 Bd5 40. Rb2 Rb8
41. Rc1 Ke6 42. Kf2 Be7 43. Ke1 Bd8 44. Kd2 g5 45. Kc3 Kf6 46. Rh2 Bc7 47. Kb2
Bd6 48. Rf1 Kg6 49. Kc3 Rf8 50. Rhf2 h5 51. Ra2 h4 52. gxh4 gxf4 53. Rg2+ Kh5
54. Rg7 f3 55. Rd7 Rf6 56. Kd2 Rg6 57. Rh7+ Rh6 58. Ra7 Kxh4 59. Rxa6 Bxb4+ 60.
axb4 Rxa6 61. Ke1 Rg6 62. Kd2 Rg2+ 63. Kc3 Kxh3 64. Rh1+ Rh2 65. Rg1 f4 66. Rf1
Kg2 67. Ra1 f2 68. Ra2 Kg1 69. Ra1+ f1=Q 70. Rxf1+ Kxf1 0-1

[Event "13_Ascona_Chess_Open_2018"]
[Site "Hotel Ascona****, Via Signor i"]
[Date "2018.04.08"]
[Round "5.6"]
[White "Medici, Simone"]
[Black "Trivic, Zoran"]
[Result "1-0"]
[WhiteElo "2288"]
[BlackElo "1641"]
[PlyCount "109"]
[EventDate "2018.04.06"]

1. d4 Nf6 2. c4 e6 3. Nf3 c5 4. d5 exd5 5. cxd5 d6 6. Nc3 a6 7. a4 Be7 8. e4
Bg4 9. Be2 O-O 10. O-O Nbd7 11. Nd2 Ne5 12. f4 Bxe2 13. Qxe2 Ng6 14. Nc4 Re8
15. a5 Bf8 16. Qf3 Qc7 17. Bd2 Rad8 18. Rae1 Re7 19. Re2 Qd7 20. h3 Qc7 21.
Rfe1 Ne8 22. e5 Nh4 23. Qg3 Ng6 24. h4 Qd7 25. e6 Qc7 26. exf7+ Kxf7 27. h5 Nh8
28. Ne4 Kg8 29. Bc3 Nf7 30. Ng5 Rxe2 31. Rxe2 Nxg5 32. Qxg5 h6 33. Qh4 Kf7 34.
Qg4 Qd7 35. Qg6+ Kg8 36. Ne3 Qf7 37. Nf5 Qxg6 38. hxg6 Nc7 39. Ne7+ Kh8 40. Nf5
Nxd5 41. Nxh6 Nxf4 42. Re4 Nxg6 43. Nf7+ Kg8 44. Nxd8 d5 45. Rg4 Ne7 46. Nxb7
d4 47. Bd2 Nc6 48. Rg6 Ne5 49. Rxa6 Nc4 50. Bc1 d3 51. Ra8 Nxb2 52. Bxb2 c4 53.
Bc3 g5 54. a6 Kf7 55. Rxf8+ 1-0

[Event "13_Ascona_Chess_Open_2018"]
[Site "Hotel Ascona****, Via Signor i"]
[Date "2018.04.08"]
[Round "5.7"]
[White "Zani, Davide"]
[Black "Boschetti, Claudio"]
[Result "0-1"]
[WhiteElo "1693"]
[BlackElo "2124"]
[PlyCount "92"]
[EventDate "2018.04.06"]

1. e4 Nc6 2. d4 e5 3. d5 Nce7 4. f4 exf4 5. Bxf4 Ng6 6. Bg3 Bc5 7. d6 cxd6 8.
Bxd6 Qh4+ 9. Bg3 Qxe4+ 10. Qe2 Nf6 11. Nc3 Qxe2+ 12. Ngxe2 a6 13. O-O-O O-O 14.
Nd4 d5 15. Kb1 Bg4 16. Be2 Bxe2 17. Ndxe2 Rad8 18. h4 h5 19. Rhf1 Rfe8 20. Rf5
Ba7 21. Nd4 Ne4 22. Be1 Nxc3+ 23. bxc3 Re5 24. Rxe5 Nxe5 25. Nf5 Bc5 26. Bd2
Nc4 27. Bg5 Re8 28. a4 Re5 29. Ng3 Be3 30. Re1 g6 31. Nf1 Bxg5 32. Rxe5 Nxe5
33. hxg5 Nc4 34. Kc1 f6 35. gxf6 Kf7 36. Kd1 Nb2+ 37. Ke2 Nxa4 38. Kd3 Kxf6 39.
Kd4 Kg5 40. Kxd5 Nxc3+ 41. Kc4 Nd1 42. Kc5 Kf4 43. Kb6 Ne3 44. Nxe3 Kxe3 45. c4
Kd4 46. c5 a5 0-1

[Event "13_Ascona_Chess_Open_2018"]
[Site "Hotel Ascona****, Via Signor i"]
[Date "2018.04.08"]
[Round "5.8"]
[White "Aimi, Luca"]
[Black "Strupat, Thomas"]
[Result "1-0"]
[WhiteElo "1934"]
[BlackElo "1420"]
[PlyCount "69"]
[EventDate "2018.04.06"]

1. d4 Nf6 2. c4 e6 3. Nc3 Bb4 4. a3 Bxc3+ 5. bxc3 O-O 6. f3 d5 7. cxd5 exd5 8.
e3 c6 9. Bd3 Re8 10. Ne2 Nbd7 11. O-O Nf8 12. Ng3 Ne6 13. Ra2 c5 14. Bf5 cxd4
15. cxd4 Nc7 16. Bxc8 Rxc8 17. Re2 Ne6 18. Bb2 h5 19. Qe1 g6 20. Nh1 Rc6 21.
Nf2 Ng5 22. e4 dxe4 23. fxe4 Rb6 24. Ba1 Rbe6 25. d5 Nxd5 26. Rd2 Nxe4 27. Nxe4
Rxe4 28. Qf2 Rf4 29. Qxf4 Nxf4 30. Rxd8 Rxd8 31. Rxf4 Rd1+ 32. Rf1 Rd3 33. Rc1
Rd8 34. Bf6 Kh7 35. Bxd8 1-0

[Event "13_Ascona_Chess_Open_2018"]
[Site "Hotel Ascona****, Via Signor i"]
[Date "2018.04.08"]
[Round "5.9"]
[White "Coqueraut, Lodewyk"]
[Black "Zecirovic, Giacomo"]
[Result "0-1"]
[WhiteElo "1612"]
[BlackElo "1595"]
[PlyCount "90"]
[EventDate "2018.04.06"]

1. e4 c5 2. Nf3 Nc6 3. c3 e6 4. d4 cxd4 5. cxd4 d5 6. e5 Bb4+ 7. Bd2 Qb6 8. Bc3
Nge7 9. g4 Ng6 10. Qd2 Bd7 11. h4 h5 12. g5 O-O-O 13. Na3 Rhf8 14. Bxb4 Qxb4
15. Qxb4 Nxb4 16. Rc1+ Kb8 17. Nb5 Bxb5 18. Bxb5 a6 19. a3 Rc8 20. Kd2 Nc6 21.
Bd3 Na5 22. Rc3 Nf4 23. Rb1 Nxd3 24. Kxd3 Nc4 25. Ng1 f6 26. exf6 gxf6 27. f4
fxg5 28. hxg5 Rxf4 29. Rb3 Rg4 30. Nf3 Rf8 31. Rf1 Rxg5 32. Nxg5 Rxf1 33. Nxe6
h4 34. Nc5 Rf3+ 35. Ke2 Rxb3 36. Nxb3 Nxb2 37. Kf3 Nc4 38. Kg4 Nxa3 39. Kxh4
Kc7 40. Kg4 b6 41. Kf4 Kd6 42. Nc1 Nc2 43. Ne2 a5 44. Kf5 a4 45. Kf6 a3 0-1

[Event "13_Ascona_Chess_Open_2018"]
[Site "Hotel Ascona****, Via Signor i"]
[Date "2018.04.08"]
[Round "5.10"]
[White "Udipi, Kala Kishan"]
[Black "Zahner, Rolf"]
[Result "1-0"]
[WhiteElo "1576"]
[BlackElo "1497"]
[PlyCount "41"]
[EventDate "2018.04.06"]

1. d4 d5 2. c4 c6 3. cxd5 cxd5 4. Bf4 Bf5 5. e3 Nf6 6. Nf3 Nh5 7. Bg3 Nxg3 8.
hxg3 Nc6 9. a3 Rc8 10. Nc3 e6 11. Nh4 Bg6 12. Nxg6 fxg6 13. Bd3 Qf6 14. Qf3 Ne7
15. Nb5 Kd7 16. Nxa7 Ra8 17. Nb5 h6 18. Rc1 Rc8 19. Rxc8 Kxc8 20. Nd6+ Kc7 21.
Ne8+ 1-0

[Event "13_Ascona_Chess_Open_2018"]
[Site "Hotel Ascona****, Via Signor i"]
[Date "2018.04.08"]
[Round "5.11"]
[White "Orsi, Graziano"]
[Black "Di Cicco, Daniela"]
[Result "1-0"]
[WhiteElo "1440"]
[BlackElo "1200"]
[PlyCount "123"]
[EventDate "2018.04.06"]

1. d4 d5 2. Nf3 Nf6 3. g3 Bf5 4. Bg2 h6 5. Nbd2 e6 6. O-O Be7 7. c4 c6 8. Re1
O-O 9. cxd5 exd5 10. Nh4 Bh7 11. Bh3 Nbd7 12. Bf5 g6 13. Bd3 Kh8 14. Qc2 Rg8
15. e4 Nh5 16. Ndf3 Bxh4 17. Nxh4 Qf8 18. Bd2 Re8 19. e5 Re6 20. Re3 Qg7 21.
Rf3 f6 22. Qc1 g5 23. Nf5 Qf8 24. g4 Nf4 25. Bxf4 gxf4 26. Qxf4 Bxf5 27. Bxf5
fxe5 28. dxe5 Rxe5 29. Bxd7 Qxf4 30. Rxf4 Rge8 31. Bf5 Rf8 32. Kg2 Kg7 33. Kf3
c5 34. Rc1 b6 35. b3 d4 36. Be4 Rfe8 37. Bd3 R8e7 38. Rc2 Rg5 39. h4 Rge5 40.
Re2 Rxe2 41. Bxe2 a5 42. Re4 Ra7 43. Re6 Rb7 44. Ke4 Rb8 45. Bc4 b5 46. Bd5 b4
47. f4 Rd8 48. Rc6 d3 49. Rxc5 Re8+ 50. Kxd3 Re1 51. Rxa5 Rd1+ 52. Kc4 Kf6 53.
Kxb4 Rd4+ 54. Bc4 Rxf4 55. Rf5+ Rxf5 56. gxf5 Kxf5 57. h5 Kg5 58. Be2 Kf4 59.
Kc5 Ke3 60. Bd1 Kd3 61. b4 Kc3 62. b5 1-0

[Event "13_Ascona_Chess_Open_2018"]
[Site "Hotel Ascona****, Via Signor i"]
[Date "2018.04.08"]
[Round "5.12"]
[White "Irrgang, Natascha"]
[Black "Tuor, Elena"]
[Result "0-1"]
[WhiteElo "1161"]
[BlackElo "1469"]
[PlyCount "146"]
[EventDate "2018.04.06"]

1. e4 e5 2. Nf3 d6 3. d4 exd4 4. Nxd4 Bd7 5. Nc3 Nf6 6. Be3 a6 7. f3 Nc6 8. Bc4
Be7 9. Qd2 O-O 10. Qf2 Nxd4 11. Bxd4 c5 12. Be3 b5 13. Be2 Qc7 14. O-O Bc6 15.
Rad1 b4 16. Nd5 Nxd5 17. exd5 Bd7 18. b3 Bf5 19. Rd2 Bf6 20. Rc1 Qa5 21. Bd3
Bxd3 22. cxd3 Qa3 23. Rb1 Rae8 24. Rdd1 Rxe3 25. Kh1 Ree8 26. Rd2 Qa5 27. Qg3
Qd8 28. Qf2 Bd4 29. Qf1 Qf6 30. Qd1 Re3 31. Qc1 Rfe8 32. Qf1 Qe5 33. Rdd1 Qxd5
34. h3 Qc6 35. Rbc1 a5 36. Rb1 a4 37. bxa4 Qxa4 38. Rd2 Qd7 39. Kh2 d5 40. Rc2
Qd6+ 41. Kh1 h5 42. Rbc1 h4 43. Rd1 Qf4 44. Rcc1 Re2 45. Re1 Rxe1 46. Rxe1 Rxe1
47. Qxe1 Be5 48. Qg1 Bd4 49. Qf1 Qd2 50. Qb1 Qb2 51. Qxb2 Bxb2 52. Kg1 Bd4+ 53.
Kf1 Kf8 54. Ke1 Ke7 55. Kd2 Ke6 56. Kc2 f5 57. Kb3 g5 58. a3 bxa3 59. Kxa3 Ke5
60. Kb3 Kf4 61. Ka4 Kg3 62. Kb5 Kxg2 63. Kc6 Kxh3 64. Kxd5 Kg3 65. Ke6 g4 66.
Kxf5 gxf3 67. Ke4 f2 68. Kd5 f1=Q 69. Ke4 h3 70. Kd5 h2 71. Kc4 h1=Q 72. Kb5
Qb7+ 73. Kc4 Qc1# 0-1